000
00322nam a22001457a 4500
008
210609b ||||| |||| 00| 0 eng d
020
_a
9780321836960
041
_a
eng
080
_2
12th
_a
311
082
_a
311
100
_a
55
101
_a
STA
245
_a
Elementary Statistics
_c
Mario F. Triola
942
_2
udc
_c
BK
999
_c
58106
_d
58106